[Event "10MCR_4DW_1L_1S"]
[Site "CR"]
[Date "2012.??.??"]
[Round "?"]
[White "Bultman, Milan"]
[Black "Mezera, Lukas"]
[Result "1/2-1/2"]
[WhiteElo "2239"]
[BlackElo "2357"]
[Annotator "30"]
[PlyCount "61"]
[EventDate "2012.??.??"]
[EventType "corr"]

1. d4 Nf6 2. c4 g6 3. Nc3 d5 4. cxd5 Nxd5 5. e4 Nxc3 6. bxc3 Bg7 7. Be3 c5 8.
Nf3 Qa5 9. Qd2 Nc6 10. Rc1 cxd4 11. cxd4 Qxd2+ 12. Kxd2 O-O 13. d5 Rd8 14. Ke1
Nb4 15. Bd2 Na6 16. Bg5 Kf8 17. Bxa6 bxa6 18. Ke2 h6 19. Bf4 f5 20. Bc7 Rd7 21.
exf5 g5 22. Rhd1 Bb7 23. Be5 Rxd5 24. Bxg7+ Kxg7 25. g4 Rb8 26. Rd4 Kf6 27. a4
h5 28. h3 hxg4 29. hxg4 Rxd4 30. Nxd4 Ba8 31. Ke3 1/2-1/2

[Event "10MCR_4DW_1L_1S"]
[Site "CR"]
[Date "2012.??.??"]
[Round "?"]
[White "Canibal, Jaromir"]
[Black "Bultman, Milan"]
[Result "1/2-1/2"]
[WhiteElo "2246"]
[BlackElo "2239"]
[Annotator "31"]
[PlyCount "64"]
[EventDate "2012.??.??"]
[EventType "corr"]

1. e4 c5 2. Nf3 d6 3. Nc3 Nc6 4. d4 cxd4 5. Nxd4 Nf6 6. Bg5 e6 7. Qd2 Be7 8.
O-O-O O-O 9. f4 h6 10. Bh4 Nxd4 11. Qxd4 Qa5 12. e5 dxe5 13. Qxe5 Qxe5 14. fxe5
Nd5 15. Bxe7 Nxe7 16. Bd3 b6 17. Rd2 Bb7 18. Nb5 Bc6 19. Nd6 Rad8 20. Rhd1 Nd5
21. g3 Rd7 22. a3 Rfd8 23. h3 Ne3 24. Re1 Nf5 25. Bxf5 exf5 26. Red1 g6 27. Rd4
Kf8 28. b4 Re7 29. c4 Rxe5 30. Nxf7 Rxd4 31. Nxe5 Rxd1+ 32. Kxd1 Be8 1/2-1/2

[Event "10MCR_4DW_1L_1S"]
[Site "CR"]
[Date "2012.??.??"]
[Round "?"]
[White "Bultman, Milan"]
[Black "Nyvlt, Zdenek"]
[Result "1/2-1/2"]
[WhiteElo "2239"]
[BlackElo "2453"]
[Annotator "32"]
[PlyCount "64"]
[EventDate "2012.??.??"]
[EventType "corr"]

1. d4 Nf6 2. c4 e6 3. Nc3 Bb4 4. Nf3 d5 5. Bg5 Nbd7 6. e3 c5 7. cxd5 exd5 8.
Bd3 Qa5 9. O-O c4 10. Bf5 O-O 11. Qc2 Re8 12. Nd2 g6 13. Bh3 Bxc3 14. Qxc3 Qxc3
15. bxc3 Kg7 16. Rfb1 b6 17. Bf4 Nb8 18. Bxc8 Rxc8 19. a4 Nc6 20. Rb5 Rd8 21.
Bg5 Rd7 22. Bxf6+ Kxf6 23. f3 Kg7 24. e4 dxe4 25. fxe4 Re8 26. Kf2 Na5 27. e5
f6 28. Re1 Rde7 29. Nf3 Nb7 30. Rd5 fxe5 31. Rexe5 Kf6 32. h4 h5 1/2-1/2

[Event "10MCR_4DW_1L_1S"]
[Site "CR"]
[Date "2012.??.??"]
[Round "?"]
[White "Bultman, Milan"]
[Black "Pravec, Ladislav"]
[Result "1/2-1/2"]
[WhiteElo "2239"]
[BlackElo "2351"]
[Annotator "33"]
[PlyCount "73"]
[EventDate "2012.??.??"]
[EventType "corr"]

1. d4 Nf6 2. c4 e6 3. Nf3 b6 4. a3 Bb7 5. Nc3 d5 6. cxd5 Nxd5 7. Qc2 Nxc3 8.
bxc3 c5 9. e4 Nd7 10. Bf4 cxd4 11. cxd4 Rc8 12. Qb3 Be7 13. Bd3 Nf6 14. Qb5+
Bc6 15. Qb1 O-O 16. O-O Nh5 17. Bd2 Ba4 18. Qb2 Qd7 19. Ne5 Qb7 20. Rfc1 Rxc1+
21. Rxc1 Rc8 22. Rxc8+ Qxc8 23. g3 Nf6 24. Bb4 Bd8 25. Kg2 Qc7 26. Bd2 h6 27.
f3 Nd7 28. Nc4 b5 29. Na5 Nb6 30. Qc3 Qd7 31. Bb1 h5 32. Bd3 Bf6 33. Be3 Be7
34. h4 Bf8 35. Bd2 a6 36. Be2 g6 37. Bc1 1/2-1/2

[Event "10MCR_4DW_1L_1S"]
[Site "CR"]
[Date "2012.??.??"]
[Round "?"]
[White "Pravec, Ladislav"]
[Black "Pecka, Josef"]
[Result "0-1"]
[WhiteElo "2351"]
[BlackElo "2383"]
[Annotator "34"]
[PlyCount "76"]
[EventDate "2012.??.??"]
[EventType "corr"]

1. d4 d5 2. c4 c6 3. Nf3 Nf6 4. Nc3 e6 5. e3 Nbd7 6. Bd3 dxc4 7. Bxc4 b5 8. Bd3
Bb7 9. O-O a6 10. e4 c5 11. d5 Qc7 12. dxe6 fxe6 13. Bc2 Bd6 14. Ng5 Nf8 15. f4
O-O-O 16. Qe1 e5 17. f5 h6 18. Nf3 g6 19. Kh1 Kb8 20. Bd2 gxf5 21. exf5 Qc6 22.
Rd1 Bc7 23. Be3 N8d7 24. Nh4 Nb6 25. Rxd8+ Rxd8 26. Bg1 Rg8 27. Rf2 b4 28. Nd1
Nbd5 29. Bd3 Rg4 30. Rc2 b3 31. Rxc5 Qd6 32. axb3 Nf4 33. Bf1 Bb6 34. b4 Nh3
35. Be2 Rxh4 36. Qxh4 Nf4 37. Bf3 Bxf3 38. Ne3 Bxc5 0-1

[Event "10MCR_4DW_1L_1S"]
[Site "CR"]
[Date "2012.??.??"]
[Round "?"]
[White "Valak, Alois"]
[Black "Pecka, Josef"]
[Result "1/2-1/2"]
[WhiteElo "2361"]
[BlackElo "2383"]
[Annotator "35"]
[PlyCount "59"]
[EventDate "2012.??.??"]
[EventType "corr"]

1. e4 c5 2. Nf3 d6 3. d4 cxd4 4. Nxd4 Nf6 5. Nc3 a6 6. Be3 e6 7. f3 b5 8. Bd3
Bb7 9. O-O Nbd7 10. Qe1 Be7 11. a4 b4 12. Na2 a5 13. Bb5 O-O 14. c3 d5 15. Bxd7
Nxd7 16. exd5 Bxd5 17. cxb4 Bxa2 18. Nc6 Bxb4 19. Nxb4 Bc4 20. Nc6 Qc7 21. Ne7+
Kh8 22. Qc3 Nf6 23. b3 Qxe7 24. bxc4 Rfc8 25. Bf2 Nd5 26. Qd4 Nb4 27. Qe4 Rab8
28. Rfd1 h6 29. Rab1 Qe8 30. Ba7 1/2-1/2

[Event "10MCR_4DW_1L_1S"]
[Site "CR"]
[Date "2012.??.??"]
[Round "?"]
[White "Pecka, Josef"]
[Black "Canibal, Jaromir"]
[Result "1/2-1/2"]
[WhiteElo "2383"]
[BlackElo "2246"]
[Annotator "36"]
[PlyCount "58"]
[EventDate "2012.??.??"]
[EventType "corr"]

1. e4 e5 2. Nf3 Nc6 3. Bb5 a6 4. Ba4 Nf6 5. O-O Be7 6. Re1 b5 7. Bb3 d6 8. c3
O-O 9. d4 Bg4 10. Be3 exd4 11. cxd4 d5 12. e5 Ne4 13. Nc3 Nxc3 14. bxc3 Na5 15.
h3 Bh5 16. Bc2 Nc4 17. Bf5 Rb8 18. Qe2 a5 19. g4 Bg6 20. Bxg6 fxg6 21. Nd2 Nxe3
22. Qxe3 c6 23. Nf3 Rf7 24. a4 Qb6 25. Ng5 Bxg5 26. Qxg5 bxa4 27. Qc1 Qb3 28.
e6 Re7 29. Qg5 Rbb7 1/2-1/2

[Event "10MCR_4DW_1L_1S"]
[Site "CR"]
[Date "2012.??.??"]
[Round "?"]
[White "Mezera, Lukas"]
[Black "Pecka, Josef"]
[Result "1/2-1/2"]
[WhiteElo "2357"]
[BlackElo "2383"]
[Annotator "37"]
[PlyCount "65"]
[EventDate "2012.??.??"]
[EventType "corr"]

1. e4 c5 2. Nf3 d6 3. d4 cxd4 4. Nxd4 Nf6 5. Nc3 a6 6. f3 e5 7. Nb3 Be6 8. Be3
Be7 9. Qd2 O-O 10. O-O-O Nbd7 11. g4 b5 12. g5 b4 13. Ne2 Ne8 14. f4 a5 15. f5
Bxb3 16. cxb3 a4 17. bxa4 Rxa4 18. Kb1 Rxa2 19. Nc1 Ra8 20. Nb3 Qc7 21. Rg1 Qc6
22. f6 Bd8 23. fxg7 Kxg7 24. Qd5 Qxd5 25. Rxd5 Rb8 26. Rg3 Bb6 27. Bd2 f5 28.
exf5 Rxf5 29. Bd3 Rf7 30. Rb5 Nf8 31. Bxb4 Rd7 32. Bf5 Nc7 33. Bxd7 1/2-1/2

[Event "10MCR_4DW_1L_1S"]
[Site "CR"]
[Date "2012.??.??"]
[Round "?"]
[White "Pecka, Josef"]
[Black "Kudr, Roman"]
[Result "1/2-1/2"]
[WhiteElo "2383"]
[BlackElo "2230"]
[Annotator "38"]
[PlyCount "51"]
[EventDate "2012.??.??"]
[EventType "corr"]

1. e4 c5 2. Nf3 d6 3. d4 cxd4 4. Nxd4 Nf6 5. Nc3 a6 6. f3 e5 7. Nb3 Be6 8. Be3
h5 9. Nd5 Bxd5 10. exd5 g6 11. Qd2 Nbd7 12. O-O-O Qc7 13. Kb1 Bg7 14. h3 Rc8
15. Rc1 h4 16. c4 b6 17. Bg5 a5 18. Rc2 Kf8 19. Nc1 Nc5 20. Ne2 Qd7 21. Nc3 Ng8
22. Be3 Bh6 23. f4 Re8 24. Be2 Nf6 25. Bf3 Qd8 26. Rf1 1/2-1/2

[Event "10MCR_4DW_1L_1S"]
[Site "CR"]
[Date "2012.??.??"]
[Round "?"]
[White "Kuta, Jiri"]
[Black "Kudr, Roman"]
[Result "1/2-1/2"]
[WhiteElo "2372"]
[BlackElo "2230"]
[Annotator "39"]
[PlyCount "70"]
[EventDate "2012.??.??"]
[EventType "corr"]

1. d4 Nf6 2. c4 e6 3. Nf3 d5 4. Nc3 c6 5. e3 Nbd7 6. Bd3 dxc4 7. Bxc4 b5 8. Bd3
Bb7 9. e4 b4 10. Na4 c5 11. e5 Nd5 12. O-O cxd4 13. Re1 a6 14. Nxd4 g6 15. Qg4
Qa5 16. b3 Nc5 17. Nb2 Nxd3 18. Nxd3 h5 19. Qh4 Rd8 20. Bg5 Rd7 21. Nb2 Nc3 22.
Nc4 Qc5 23. Nc2 Qc6 24. f3 Bc5+ 25. Be3 Be7 26. Bg5 Bc5+ 27. N2e3 O-O 28. Kh1
Rc8 29. Bf6 Nd5 30. Qg5 Nxf6 31. exf6 Rd3 32. h4 Bd4 33. Rad1 Rxd1 34. Rxd1 Qc5
35. Nc2 Bf2 1/2-1/2

[Event "10MCR_4DW_1L_1S"]
[Site "CR"]
[Date "2012.??.??"]
[Round "?"]
[White "Mezera, Lukas"]
[Black "Nyvlt, Zdenek"]
[Result "1/2-1/2"]
[WhiteElo "2357"]
[BlackElo "2453"]
[Annotator "40"]
[PlyCount "62"]
[EventDate "2012.??.??"]
[EventType "corr"]

1. e4 d6 2. d4 Nf6 3. Nc3 g6 4. Bg5 Bg7 5. f4 h6 6. Bh4 c5 7. e5 Nh5 8. dxc5
Nc6 9. cxd6 Nxf4 10. dxe7 Qxd1+ 11. Rxd1 g5 12. Bg3 Bg4 13. Be2 Nxe2 14. Ngxe2
Nxe7 15. h3 Bh5 16. Rd2 O-O 17. Nd4 Bg6 18. Kd1 Rac8 19. Re1 Rfd8 20. Kc1 Kh7
21. Ree2 a6 22. Ne4 Nc6 23. Nxc6 Rxd2 24. Kxd2 Rxc6 25. b3 b5 26. c3 Bf5 27.
Bf2 Bxe5 28. Nxg5+ Kg6 29. Rxe5 hxg5 30. Re8 Rc8 31. Re2 Rc6 1/2-1/2

[Event "10MCR_4DW_1L_1S"]
[Site "CR"]
[Date "2012.??.??"]
[Round "?"]
[White "Canibal, Jaromir"]
[Black "Kratochvil, Jan"]
[Result "1-0"]
[WhiteElo "2246"]
[BlackElo "2296"]
[Annotator "41"]
[PlyCount "141"]
[EventDate "2012.??.??"]
[EventType "corr"]

1. e4 c5 2. c3 Nf6 3. e5 Nd5 4. d4 cxd4 5. Nf3 Nc6 6. cxd4 e6 7. Bc4 Nb6 8. Bd3
d6 9. O-O dxe5 10. dxe5 Nb4 11. Be4 Qxd1 12. Rxd1 N4d5 13. Bd2 Bd7 14. Nc3 Rc8
15. Bxd5 Nxd5 16. Nxd5 exd5 17. Be3 Bc5 18. Bxc5 Rxc5 19. Rac1 Rxc1 20. Rxc1
Kd8 21. Rc5 Ke7 22. Kf1 Rc8 23. Rxc8 Bxc8 24. Nd4 f6 25. f4 g5 26. g3 fxe5 27.
fxe5 a6 28. Ke2 Bh3 29. Ke3 Bg4 30. Nb3 b6 31. Kd4 Ke6 32. Nc1 h6 33. Nd3 a5
34. Nc1 Bd1 35. a3 h5 36. b4 Bc2 37. Ne2 Bb3 38. Nc3 h4 39. gxh4 gxh4 40. Nb5
Kd7 41. Nd6 axb4 42. axb4 Ke6 43. Ne8 Kd7 44. Nf6+ Ke6 45. Nh5 Kd7 46. Nf4 Kc6
47. Nxd5 Kb5 48. Nf4 Kxb4 49. e6 Ka5 50. Nd5 Bc2 51. e7 Bg6 52. Nc7 Kb4 53.
e8=R Bxe8 54. Nxe8 b5 55. Nd6 Ka4 56. h3 b4 57. Kc4 b3 58. Kc3 Ka3 59. Nc4+ Ka2
60. Nb2 Ka3 61. Nd3 Ka4 62. Nc5+ Kb5 63. Nxb3 Kc6 64. Kd4 Kd6 65. Ke4 Ke6 66.
Nd2 Kf6 67. Nf3 Kg6 68. Nxh4+ Kh5 69. Nf5 Kg5 70. h4+ Kg4 71. Ke5 1-0

[Event "10MCR_4DW_1L_1S"]
[Site "CR"]
[Date "2012.??.??"]
[Round "?"]
[White "Pecka, Josef"]
[Black "Nyvlt, Zdenek"]
[Result "1/2-1/2"]
[WhiteElo "2383"]
[BlackElo "2453"]
[Annotator "42"]
[PlyCount "61"]
[EventDate "2012.??.??"]
[EventType "corr"]

1. e4 d6 2. d4 Nf6 3. Nc3 g6 4. Be3 a6 5. Bd3 Bg7 6. Nf3 O-O 7. h3 b5 8. O-O
Bb7 9. b4 c5 10. dxc5 Nfd7 11. Qd2 dxc5 12. bxc5 Qc7 13. Rac1 Nxc5 14. Nd5 Bxd5
15. exd5 Nxd3 16. Qxd3 Rc8 17. Bg5 h6 18. Bh4 Qc5 19. Rfe1 Ra7 20. Nd2 Qc3 21.
Ne4 Qxd3 22. cxd3 Rac7 23. Rxc7 Rxc7 24. g4 g5 25. Bg3 Rc8 26. h4 Nd7 27. hxg5
hxg5 28. Nxg5 Bf8 29. Ne4 Rc2 30. a3 Ra2 31. Rc1 1/2-1/2

[Event "10MCR_4DW_1L_1S"]
[Site "CR"]
[Date "2012.??.??"]
[Round "?"]
[White "Pravec, Ladislav"]
[Black "Nyvlt, Zdenek"]
[Result "1/2-1/2"]
[WhiteElo "2351"]
[BlackElo "2453"]
[Annotator "43"]
[PlyCount "77"]
[EventDate "2012.??.??"]
[EventType "corr"]

1. d4 Nf6 2. c4 e6 3. Nf3 b6 4. g3 Ba6 5. b3 Bb4+ 6. Bd2 Be7 7. Bg2 O-O 8. O-O
d5 9. cxd5 exd5 10. Nc3 Bb7 11. Rc1 Na6 12. Ne5 Re8 13. Bf4 h6 14. Nb5 Bf8 15.
Qc2 c5 16. Qb2 Qe7 17. Rfe1 g5 18. Bd2 Ne4 19. e3 f6 20. Nf3 Qd7 21. a4 Nb8 22.
Red1 Nc6 23. Be1 Rad8 24. Nc3 Qf7 25. dxc5 bxc5 26. Nxe4 dxe4 27. Nd2 f5 28.
Nc4 Nb4 29. Bxb4 cxb4 30. Bf1 Bg7 31. Qc2 Bd5 32. Na5 Bc3 33. Bc4 Bxc4 34. Nxc4
Qe6 35. Qe2 Kh7 36. Rxd8 Rxd8 37. Rd1 Rd5 38. Rxd5 Qxd5 39. Qh5 1/2-1/2

[Event "10MCR_4DW_1L_1S"]
[Site "CR"]
[Date "2012.??.??"]
[Round "?"]
[White "Bultman, Milan"]
[Black "Valak, Alois"]
[Result "1/2-1/2"]
[WhiteElo "2239"]
[BlackElo "2361"]
[Annotator "44"]
[PlyCount "75"]
[EventDate "2012.??.??"]
[EventType "corr"]

1. d4 d5 2. Nf3 Nf6 3. c4 e6 4. Nc3 c6 5. e3 Nbd7 6. Qc2 Bd6 7. Bd3 dxc4 8.
Bxc4 b5 9. Bd3 O-O 10. O-O Bb7 11. a3 a6 12. Ng5 Bxh2+ 13. Kxh2 Ng4+ 14. Kg1
Qxg5 15. f3 Ngf6 16. e4 Qh4 17. Ne2 Nh5 18. Be3 h6 19. Qc3 Ng3 20. Nxg3 Qxg3
21. Rfd1 Rfd8 22. Bf2 Qb8 23. b4 Nf8 24. Be2 Rd7 25. g3 Nh7 26. Kg2 Qe8 27. Re1
Rad8 28. Rac1 Ng5 29. Be3 f6 30. Qb3 Qh5 31. Rh1 Qf7 32. Qb1 f5 33. e5 Nh7 34.
Rc5 Nf8 35. Qb3 Ng6 36. f4 Ne7 37. Bh5 g6 38. Bf3 1/2-1/2

[Event "10MCR_4DW_1L_1S"]
[Site "CR"]
[Date "2012.??.??"]
[Round "?"]
[White "Bultman, Milan"]
[Black "Pecka, Josef"]
[Result "1/2-1/2"]
[WhiteElo "2239"]
[BlackElo "2383"]
[Annotator "45"]
[PlyCount "92"]
[EventDate "2012.??.??"]
[EventType "corr"]

1. d4 Nf6 2. c4 e6 3. Nf3 b6 4. a3 Bb7 5. Nc3 d5 6. cxd5 Nxd5 7. Qc2 Nxc3 8.
bxc3 Be7 9. e4 O-O 10. Bd3 c5 11. O-O Qc7 12. Qe2 Nd7 13. a4 h6 14. g3 Rfd8 15.
Bd2 Bd6 16. Rfe1 Rac8 17. Bb5 c4 18. a5 bxa5 19. Nh4 Ba8 20. Ba4 Rb8 21. Bc2
Rb5 22. Nf3 Rdb8 23. Bc1 a6 24. Ba4 Nb6 25. Bxb5 axb5 26. Qc2 Nd7 27. Qa2 a4
28. Qe2 e5 29. d5 f5 30. Nh4 fxe4 31. Qg4 Bxd5 32. Nf5 Nf6 33. Nxh6+ Kf8 34.
Qg6 Bf7 35. Nxf7 Qxf7 36. Qf5 Qd7 37. Qxd7 Nxd7 38. Rxe4 Nc5 39. Re3 Nd3 40.
Re4 Kf7 41. Ba3 Bxa3 42. Rxa3 Kf6 43. h4 Nc5 44. Re1 b4 45. cxb4 Rxb4 46. Ree3
Kf5 1/2-1/2

[Event "10MCR_4DW_1L_1S"]
[Site "CR"]
[Date "2012.??.??"]
[Round "?"]
[White "Nyvlt, Zdenek"]
[Black "Kudr, Roman"]
[Result "1/2-1/2"]
[WhiteElo "2453"]
[BlackElo "2230"]
[Annotator "46"]
[PlyCount "62"]
[EventDate "2012.??.??"]
[EventType "corr"]

1. Nf3 Nf6 2. g3 d5 3. Bg2 g6 4. O-O Bg7 5. c4 c6 6. Qb3 O-O 7. d4 Qb6 8. Nc3
Rd8 9. Qa3 dxc4 10. Qxe7 Na6 11. e3 Re8 12. Qa3 Qb4 13. Qxb4 Nxb4 14. Ne5 Be6
15. Bd2 Rad8 16. Rfc1 Bf5 17. Nxc4 Nc2 18. Rab1 Nxd4 19. exd4 Rxd4 20. b3 Bxb1
21. Nxb1 Red8 22. Bf3 b5 23. Ba5 bxc4 24. Bxd8 Rxd8 25. Rxc4 Nd5 26. Kg2 Rd6
27. Ra4 Rd7 28. Kf1 Kf8 29. Rc4 Ke7 30. Na3 Nc3 31. Rxc6 Nxa2 1/2-1/2

[Event "10MCR_4DW_1L_1S"]
[Site "CR"]
[Date "2012.??.??"]
[Round "?"]
[White "Nyvlt, Zdenek"]
[Black "Pirhala, Ladislav"]
[Result "0-1"]
[WhiteElo "2453"]
[BlackElo "2337"]
[Annotator "47"]
[PlyCount "114"]
[EventDate "2012.??.??"]
[EventType "corr"]

1. d4 Nf6 2. c4 e6 3. g3 d5 4. Nf3 Be7 5. Bg2 O-O 6. O-O dxc4 7. Qc2 a6 8. Qxc4
b5 9. Qc2 Bb7 10. Bd2 Be4 11. Qc1 Bb7 12. Bf4 Bd6 13. Nc3 Nbd7 14. Rd1 Nb6 15.
Be5 Nbd7 16. Qc2 Rc8 17. Rac1 h6 18. a3 Nd5 19. Ne1 Bxe5 20. Bxd5 exd5 21. dxe5
Nxe5 22. Ne4 Ba8 23. b3 d4 24. Qc5 Nc6 25. Nf3 Qe8 26. Qf5 Rd8 27. Re1 b4 28.
axb4 Nxb4 29. Nfg5 hxg5 30. Nxg5 g6 31. Qh3 Kg7 32. Rxc7 Nd5 33. Ra7 Nf6 34.
Ne6+ Kg8 35. Nxf8 Qc6 36. Rxa8 Rxa8 37. Nxg6 fxg6 38. Qh4 Rd8 39. Rd1 Rd5 40.
Qf4 g5 41. Qd2 Ne4 42. Qd3 Rd6 43. f3 Nc3 44. Rd2 Qd5 45. b4 Qb5 46. Qxb5 axb5
47. Kf2 Kf7 48. Rd3 Ke6 49. e3 Na2 50. exd4 Nxb4 51. Re3+ Kf6 52. Rb3 Rxd4 53.
g4 Ke5 54. Kg3 Kd5 55. Rb1 Kc5 56. h4 gxh4+ 57. Kxh4 Nd5 0-1

[Event "10MCR_4DW_1L_1S"]
[Site "CR"]
[Date "2012.??.??"]
[Round "?"]
[White "Kuta, Jiri"]
[Black "Kratochvil, Jan"]
[Result "1/2-1/2"]
[WhiteElo "2372"]
[BlackElo "2296"]
[Annotator "48"]
[PlyCount "128"]
[EventDate "2012.??.??"]
[EventType "corr"]

1. d4 d5 2. c4 c6 3. Nf3 Nf6 4. Nc3 dxc4 5. a4 Bf5 6. Ne5 Nbd7 7. Nxc4 Nb6 8.
Ne5 a5 9. e3 g6 10. Bd3 Bxd3 11. Nxd3 Bg7 12. Qb3 O-O 13. O-O Nfd7 14. Ne2 Qc7
15. e4 Nc8 16. Be3 Qb6 17. Qa2 Qa7 18. Rad1 Qa6 19. Rfe1 Ncb6 20. b3 Rac8 21.
Qd2 Rfd8 22. Bh6 Bxh6 23. Qxh6 Nf8 24. Ndf4 Nbd7 25. e5 Qb6 26. e6 Nf6 27.
exf7+ Kxf7 28. Nd3 Rc7 29. Qc1 Nd5 30. Nef4 Kg8 31. Qc4 Rd6 32. Nh3 Qa7 33. Ng5
b5 34. Qc1 bxa4 35. bxa4 Qxd4 36. Ne4 Rd8 37. Ndc5 Qh8 38. Ng5 Rdc8 39. Rd3 e5
40. h4 Qf6 41. Rf3 Qd6 42. h5 gxh5 43. Nce4 Qb4 44. Nc5 Ng6 45. Na6 Qxa4 46.
Nxc7 Rxc7 47. Ne6 Re7 48. Rxe5 Ndf4 49. Ra3 Nxe5 50. Nxf4 Qd4 51. Rxa5 h4 52.
Ne2 Qe4 53. Ra8+ Kg7 54. Nf4 Rb7 55. Ra1 Qf5 56. Nh3 h6 57. Kh1 Rb3 58. Ra7+
Kg8 59. Ra8+ Kf7 60. Ra7+ Ke8 61. Ra8+ Kd7 62. Qd1+ Rd3 63. Qf1 c5 64. Ra4 Kc7
1/2-1/2

[Event "10MCR_4DW_1L_1S"]
[Site "CR"]
[Date "2013.??.??"]
[Round "?"]
[White "Mezera, Lukas"]
[Black "Kuta, Jiri"]
[Result "1/2-1/2"]
[WhiteElo "2357"]
[BlackElo "2372"]
[Annotator "49"]
[PlyCount "103"]
[EventDate "2012.??.??"]
[EventType "corr"]

1. e4 e5 2. Nf3 Nc6 3. Bc4 Bc5 4. c3 Nf6 5. b4 Bb6 6. d3 d6 7. a4 a5 8. b5 Ne7
9. O-O O-O 10. Bg5 Ng6 11. Nbd2 h6 12. Be3 Bxe3 13. fxe3 c6 14. d4 d5 15. Bd3
dxe4 16. Bxe4 Nxe4 17. Nxe4 Qd5 18. Qb1 exd4 19. cxd4 cxb5 20. axb5 Re8 21.
Nfd2 Be6 22. Qd3 Rac8 23. Nc3 Qd6 24. Nde4 Qe7 25. Nc5 b6 26. Nxe6 Qxe6 27. Na4
Rcd8 28. Rae1 Ne5 29. Qa3 Ng4 30. h3 Nf6 31. Qd3 Re7 32. Rc1 Qxe3+ 33. Qxe3
Rxe3 34. Nxb6 Rxd4 35. Ra1 Ne4 36. Kh2 g6 37. Na4 Rb3 38. b6 Kg7 39. Rf4 Rbb4
40. b7 g5 41. Rxe4 Rxe4 42. Nc5 Re2 43. Rxa5 Rbb2 44. Kh1 h5 45. Ra8 Re1+ 46.
Kh2 Reb1 47. Kg3 Rb4 48. Rd8 Kg6 49. Rg8+ Kf5 50. Rd8 h4+ 51. Kf3 Rb5 52. Rc8
1/2-1/2

[Event "10MCR_4DW_1L_1S"]
[Site "CR"]
[Date "2013.??.??"]
[Round "?"]
[White "Valak, Alois"]
[Black "Nyvlt, Zdenek"]
[Result "1/2-1/2"]
[WhiteElo "2361"]
[BlackElo "2453"]
[Annotator "50"]
[PlyCount "99"]
[EventDate "2012.??.??"]
[EventType "corr"]

1. e4 d6 2. d4 Nf6 3. Nc3 g6 4. Be3 a6 5. h3 Bg7 6. f4 O-O 7. Nf3 e6 8. e5 Nd5
9. Nxd5 exd5 10. Qd2 Bf5 11. Bd3 Bxd3 12. Qxd3 Qd7 13. O-O-O Re8 14. Rhe1 Qb5
15. Qxb5 axb5 16. exd6 cxd6 17. a3 Nc6 18. c3 Na5 19. Kc2 Bf6 20. Re2 Re4 21.
Rde1 Rae8 22. b3 h6 23. g4 Kh7 24. Kd3 Nxb3 25. Rb1 Na5 26. Ng1 Nc4 27. Bc1 Bd8
28. Rxb5 Nb6 29. Bd2 Kg7 30. h4 Kh7 31. g5 hxg5 32. fxg5 Kg7 33. Bf4 R8e6 34.
Rxe4 dxe4+ 35. Kc2 d5 36. a4 Kf8 37. Kb3 Ke8 38. Ne2 f6 39. gxf6 Rxf6 40. a5
Nc4 41. Rxd5 Nxa5+ 42. Kc2 Rf7 43. h5 gxh5 44. Rxh5 b6 45. Re5+ Kd7 46. Rxe4
Nc4 47. Nc1 Re7 48. Rxe7+ Bxe7 49. Kd3 b5 50. Ne2 1/2-1/2

[Event "10MCR_4DW_1L_1S"]
[Site "CR"]
[Date "2013.??.??"]
[Round "?"]
[White "Nyvlt, Zdenek"]
[Black "Canibal, Jaromir"]
[Result "1/2-1/2"]
[WhiteElo "2453"]
[BlackElo "2246"]
[Annotator "51"]
[PlyCount "110"]
[EventDate "2012.??.??"]
[EventType "corr"]

1. Nf3 Nf6 2. c4 c5 3. Nc3 Nc6 4. g3 e5 5. Bg2 d6 6. O-O Be7 7. d3 O-O 8. a3
Bf5 9. Rb1 a5 10. Ng5 Qd7 11. Bd2 Bd8 12. Nge4 Nxe4 13. Bxe4 Be6 14. Bg2 h5 15.
e3 Bg4 16. Bf3 a4 17. Bc1 Re8 18. Bxg4 hxg4 19. Nxa4 e4 20. d4 Qf5 21. Nc3 Bf6
22. Nb5 Red8 23. b4 cxd4 24. exd4 d5 25. c5 g6 26. Rb3 Qd7 27. Qd2 Ne7 28. Nd6
Nc6 29. Nb5 Ne7 30. Nc3 Nf5 31. Ne2 Kg7 32. Kh1 Rh8 33. Rg1 b6 34. Qd1 bxc5 35.
bxc5 Qe8 36. Rg2 Ra4 37. Be3 Qa8 38. Qa1 Rc8 39. Qa2 Qa6 40. Qd2 Rxa3 41. Rxa3
Qxa3 42. Nf4 Rb8 43. Nxd5 Nxd4 44. Qd1 Qd3 45. Rg1 Be5 46. Qxd3 exd3 47. Rd1
Nf3 48. c6 Rh8 49. h4 g5 50. c7 gxh4 51. Bf4 hxg3+ 52. Kg2 Bxf4 53. Nxf4 gxf2
54. Kxf2 Rc8 55. Nd5 Ng5 1/2-1/2

[Event "10MCR_4DW_1L_1S"]
[Site "CR"]
[Date "2013.??.??"]
[Round "?"]
[White "Canibal, Jaromir"]
[Black "Valak, Alois"]
[Result "0-1"]
[WhiteElo "2246"]
[BlackElo "2361"]
[Annotator "52"]
[PlyCount "124"]
[EventDate "2012.??.??"]
[EventType "corr"]

1. e4 e5 2. Nf3 Nc6 3. Bb5 a6 4. Ba4 Nf6 5. Bxc6 dxc6 6. d3 Bd6 7. Nbd2 b5 8.
h3 O-O 9. O-O c5 10. a4 Bd7 11. Re1 Re8 12. Nf1 Nh5 13. Ng5 g6 14. Nf3 bxa4 15.
Ne3 Nf4 16. Nc4 Rb8 17. Bd2 Qf6 18. Bxf4 Qxf4 19. Nfd2 Qg5 20. Qf3 Kg7 21. Nf1
Bc6 22. Nfe3 Rf8 23. Qg4 Qxg4 24. hxg4 Rh8 25. f3 h5 26. gxh5 Rxh5 27. b3 axb3
28. Rxa6 Bb5 29. Ra7 bxc2 30. Nxc2 Bxc4 31. dxc4 f5 32. Na3 Rb2 33. Nb5 Kh6 34.
Nc3 Rc2 35. Nd5 f4 36. Rea1 Rg5 37. g4 fxg3 38. R1a2 Rxc4 39. Kg2 Rc1 40. Nxc7
Bxc7 41. Rxc7 Rh5 42. Kxg3 Rf1 43. Rxc5 Rg5+ 44. Kh2 Rxf3 45. Re2 Rf4 46. Re3
Rh4+ 47. Rh3 Rgh5 48. Rxh4 Rxh4+ 49. Kg2 Rxe4 50. Kf3 Rf4+ 51. Kg3 Rf5 52. Rc6
Kh5 53. Re6 g5 54. Re8 Kg6 55. Re7 Kf6 56. Ra7 Rf4 57. Ra8 Rc4 58. Rf8+ Ke6 59.
Re8+ Kf5 60. Rf8+ Ke4 61. Rf1 Ra4 62. Re1+ Kf5 0-1

[Event "10MCR_4DW_1L_1S"]
[Site "CR"]
[Date "2013.??.??"]
[Round "?"]
[White "Valak, Alois"]
[Black "Kudr, Roman"]
[Result "1-0"]
[WhiteElo "2361"]
[BlackElo "2230"]
[Annotator "53"]
[PlyCount "131"]
[EventDate "2012.??.??"]
[EventType "corr"]

1. e4 c5 2. Nf3 d6 3. d4 cxd4 4. Nxd4 Nf6 5. Nc3 a6 6. Be3 e5 7. Nb3 Be6 8. f3
h5 9. Nd5 Bxd5 10. exd5 g6 11. Qd2 Nbd7 12. Be2 Qc7 13. Rc1 Bg7 14. O-O O-O 15.
c4 b6 16. g4 hxg4 17. fxg4 Ne4 18. Qc2 Nec5 19. Nxc5 bxc5 20. b3 Rae8 21. Rce1
e4 22. Bd1 Qd8 23. Kh1 Qe7 24. Qg2 Bc3 25. Re2 Kg7 26. Bf4 Bd4 27. Qg3 Ne5 28.
Rxe4 g5 29. Be3 Bxe3 30. Rxe3 a5 31. Bc2 Rh8 32. Kg1 Rh6 33. h3 Reh8 34. Qg2 a4
35. bxa4 Qd8 36. Rc3 Qe7 37. Be4 Rf6 38. Bf5 Rfh6 39. Rf2 Ra8 40. Qf1 Rxa4 41.
a3 Ra6 42. Qb1 Ra7 43. Qc1 Rb7 44. Rf1 Kf8 45. Qe3 Kg7 46. Bc2 Rh8 47. Qd2 Qd8
48. Kg2 Rh6 49. Qe3 Rb2 50. Qc1 Rb7 51. Re1 f6 52. Ree3 Qd7 53. Bf5 Qa4 54. Qe1
Rh8 55. Bc2 Qa6 56. Qf1 Rh6 57. Rb3 Re7 58. Rb5 Qa7 59. Rg3 Qa8 60. a4 Rh8 61.
Re3 Qa7 62. Qf5 Rh6 63. a5 Rf7 64. Rxe5 dxe5 65. Be4 Qc7 66. Qf2 1-0

[Event "10MCR_4DW_1L_1S"]
[Site "CR"]
[Date "2013.??.??"]
[Round "?"]
[White "Kuta, Jiri"]
[Black "Canibal, Jaromir"]
[Result "1-0"]
[WhiteElo "2372"]
[BlackElo "2246"]
[Annotator "54"]
[PlyCount "135"]
[EventDate "2012.??.??"]
[EventType "corr"]

1. d4 d5 2. c4 c6 3. Nc3 Nf6 4. Nf3 e6 5. e3 Nbd7 6. Qc2 Bd6 7. Bd3 O-O 8. O-O
dxc4 9. Bxc4 e5 10. h3 exd4 11. exd4 Nb6 12. Bb3 h6 13. Bxh6 gxh6 14. Qg6+ Kh8
15. Qxh6+ Nh7 16. Ne4 Be7 17. Nf6 Bf5 18. Nh5 Bf6 19. Ng5 Bxd4 20. Nxh7 Bxh7
21. Rad1 Rg8 22. Bc2 Rg6 23. Bxg6 fxg6 24. Nf4 g5 25. Ng6+ Kg8 26. Rfe1 Qf6 27.
Rxd4 Qxg6 28. Qxg6+ Bxg6 29. Re7 Rb8 30. Re5 Kf7 31. Rxg5 Bb1 32. Rf4+ Ke6 33.
Rg7 Bxa2 34. Rff7 Rh8 35. Rh7 Re8 36. Rxb7 Bd5 37. Rh6+ Ke5 38. Rxa7 Rg8 39.
Re7+ Kd4 40. Rh4+ Kc5 41. Rg4 Rh8 42. h4 Kd6 43. Re2 Rh6 44. Kh2 Nd7 45. b4 Ne5
46. Rf4 Nf7 47. Kg3 Nd8 48. f3 Ne6 49. Rg4 Ke7 50. Rd2 Bb3 51. Rd3 Ba2 52. Rg8
Bc4 53. Rd2 Rh7 54. Rg4 Bb3 55. Rd3 Bd5 56. b5 Kf6 57. Rd2 Rb7 58. Rb2 cxb5 59.
h5 Bc6 60. Rg6+ Kf7 61. Re2 Bd7 62. Rg4 Rb8 63. Kh4 Kf6 64. Rb4 Bc6 65. Rc2 Be8
66. Rd2 Rc8 67. g4 Rc1 68. Re4 1-0